| 000 | 01127nam a2200409 c 4500 | ||
|---|---|---|---|
| 001 | a57154 | ||
| 003 | DO-SdBPM | ||
| 005 | 20250804102317.0 | ||
| 007 | ta | ||
| 008 | 151119s2011 mx || 000 f spa | ||
| 015 | _a | ||
| 017 |
_a _b |
||
| 020 | _a9789707311145 | ||
| 035 | _a | ||
| 040 |
_aDO-SdBPM _bspa _cBPMSU _erda |
||
| 041 | 1 |
_aspa _h |
|
| 080 | _a | ||
| 082 | 4 |
_aM863.6 _bV433d 2011 _222 |
|
| 100 | 1 |
_aXavier Velasco. _d1964- _eautor _4 |
|
| 245 | 1 | 0 |
_aDiablo guardián / _cXavier Velasco ; |
| 250 | _a | ||
| 264 |
_aMéxico : _bSantillana Ediciones Generales, _c2011 |
||
| 300 |
_a529 págianas .; _c22 cm |
||
| 336 |
_atexto _btxt _2rdacontent |
||
| 337 |
_asin mediación _bn _2rdamdecia |
||
| 338 |
_avolumen _bnc _2rdacarrier |
||
| 490 | 0 |
_aPunto de lectura ; _v70/2 |
|
| 504 | _a | ||
| 586 | _aPremio Alfaguara de Novela 2003 | ||
| 590 | _aInventariado, 2025/VM | ||
| 650 | 7 | _aNovela mexicana | |
| 650 | 7 |
_aDemonología _v Novela |
|
| 650 | 7 |
_aDrogadictos _vNovela |
|
| 700 | 1 |
_aSaslavsky, Irene _etraductor _4 |
|
| 910 | _aVMateo V. control de calidad. BPMSU | ||
| 942 |
_2ddc _cBK |
||
| 999 |
_c10832 _d10832 |
||